| 000 | 00435nam a22001817a 4500 | ||
|---|---|---|---|
| 003 | CEME | ||
| 005 | 20210628203138.0 | ||
| 008 | 210223b xxu||||| |||| 00| 0 eng d | ||
| 020 | _a0-7680-0789-5 | ||
| 040 | _c. | ||
| 082 | _a629.2-SAE PRO | ||
| 100 |
_aSae _922010 |
||
| 245 | _aProgress in si and diesel engine modeling, sp-1625 | ||
| 260 |
_aUSA _bSAE _c2001 |
||
| 300 | _a165P | ||
| 650 |
_aSP-1625 _963617 |
||
| 942 |
_cBK _2ddc |
||
| 999 |
_c572375 _d572375 |
||